| 000 | 00594nam a22001937a 4500 | ||
|---|---|---|---|
| 005 | 20231201115310.0 | ||
| 010 | _aENG-138405 | ||
| 020 |
_a9789380755533 _c695.00 |
||
| 035 | _aEN-121937 | ||
| 037 | _bDBAD/PUB | ||
| 082 |
_a954.008 _21 |
||
| 100 |
_aHunter, W.W _959299 |
||
| 245 |
_aThe Indian Musakmans/ _cBy W.W Hunter |
||
| 250 | _a1 | ||
| 260 |
_aKolkata _bAruna Prakashan _c2014 |
||
| 270 |
_bKolkata _a2, Kalidas, Singha Lane _e700009 _k23527663 _k9339831285 _k8017943479 _marunaprakashana@gmail.com |
||
| 300 |
_a208p. _c21cm(hbk) |
||
| 942 |
_2ddc _cEN _h954.008 _mHUN |
||
| 999 |
_c199362 _d199362 |
||